[Event "HUN-chT2 Barcza 1617"]
[Site "Hungary"]
[Date "2016.10.30"]
[Round "3.9"]
[White "Pulveri, Laszlo"]
[Black "Daroczy, Sandor"]
[Result "0-1"]
[WhiteElo "1513"]
[BlackElo "1814"]
[PlyCount "66"]
[EventDate "2016.09.25"]
[EventType "team-tourn"]
[EventRounds "11"]
[EventCountry "HUN"]
[SourceTitle "EXT 2021"]
[Source "ChessBase"]
[SourceDate "2020.10.23"]
[SourceVersion "1"]
[SourceVersionDate "2020.10.23"]
[SourceQuality "1"]
[WhiteTeam "Kazincbarcika"]
[BlackTeam "Hajduszoboszlo"]
[WhiteTeamCountry "HUN"]
[BlackTeamCountry "HUN"]

1. d4 d5 2. Nf3 Nf6 3. e3 c5 4. c4 e6 5. Nc3 Nc6 6. cxd5 exd5 7. dxc5 Bxc5 8. Be2 0-0 9. 0-0 Re8 10. a3 Bf5 11. b4 Bb6 12. Bb2 Rc8 13. Rc1 a6 14. Bd3 Ne4 15. Bxe4 dxe4 16. Nd2 Qg5 17. Kh1 Rcd8 18. Qc2 Qg6 19. Ne2 Bc7 20. Ng3 Qh6 21. Kg1 Bxg3 22. hxg3 Rd5 23. Nb3 Bg4 24. Rfe1 Rh5 25. f3 exf3 26. Qc3 fxg2 27. Qxg7+ Qxg7 28. Bxg7 Kxg7 29. Kxg2 Ne5 30. Rc3 Bf3+ 31. Kf2 Rh2+ 32. Kf1 Ng4 33. Rec1 Rh1# 0-1